Crecimiento de la agricultura en Uruguay (Registro nro. 36031)

Detalles MARC
000 -LEADER
fixed length control field 00347 a2200121 4500
001 - CONTROL NUMBER
control field ART_46178
005 - DATE AND TIME OF LATEST TRANSACTION
control field 20260410162053.0
008 - FIXED-LENGTH DATA ELEMENTS--GENERAL INFORMATION
fixed length control field 260409a
100 1# - MAIN ENTRY--PERSONAL NAME
Personal name Arbeletche, Pedro
245 10 - TITLE STATEMENT
Title Crecimiento de la agricultura en Uruguay
700 1# - ADDED ENTRY--PERSONAL NAME
Personal name Gutiérrez, Gonzalo
773 0# - HOST ITEM ENTRY
Title Pampa
Related parts - Año 6, Nº 6 (nov. 2010)
Record control number REV46129

No hay ítems disponibles.